Welcome to the official Sarawak Skills Library system. If you are a new user, please contact our librarian to register.

Fashion At The Edge: Spectacle, Modernity And Deathliness (Record no. 11000)

MARC details
000 -LEADER
fixed length control field 00437nam a2200157Ia 4500
008 - FIXED-LENGTH DATA ELEMENTS--GENERAL INFORMATION
fixed length control field 241127s9999||||xx |||||||||||||| ||und||
020 ## - INTERNATIONAL STANDARD BOOK NUMBER
International Standard Book Number 9780300101928
Terms of availability 160160
040 ## - CATALOGING SOURCE
Language of cataloging eng
Transcribing agency SSK Library
Description conventions rda
082 ## - DEWEY DECIMAL CLASSIFICATION NUMBER
Classification number 391/EVA
003 - CONTROL NUMBER IDENTIFIER
control field OSt
005 - DATE AND TIME OF LATEST TRANSACTION
control field 20241127152841.0
100 ## - MAIN ENTRY--PERSONAL NAME
Personal name Caroline Evans
245 #0 - TITLE STATEMENT
Title Fashion At The Edge: Spectacle, Modernity And Deathliness
260 ## - PUBLICATION, DISTRIBUTION, ETC.
Name of publisher, distributor, etc. Yale University Press
Date of publication, distribution, etc. ©2003
942 ## - ADDED ENTRY ELEMENTS (KOHA)
Source of classification or shelving scheme
Koha item type Book
Suppress in OPAC
Holdings
Withdrawn status Lost status Damaged status Not for loan Home library Current library Date acquired Total checkouts Full call number Barcode Date last seen Copy number Price effective from Koha item type
        Sarawak Skills Kuching Library Sarawak Skills Kuching Library 11/27/2024   391/EVA 1003305 11/27/2024 1 11/27/2024 Book